书目信息 |
| 题名: |
集体林权制度改革对森林生态系统影响研究
|
|
| 作者: | 侯一蕾 著 | |
| 分册: | ||
| 出版信息: | 北京 人民日报出版社 2021.04 |
|
| 页数: | 251页 | |
| 开本: | 24cm | |
| 丛书名: | 人民日报学术文库 | |
| 单 册: | ||
| 中图分类: | S718.55 | |
| 科图分类: | ||
| 主题词: | 集体林--ji ti lin--产权制度改革--影响--森林生态系统--研究--三明 | |
| 电子资源: | ||
| ISBN: | 978-7-5115-6836-6 | |
| 000 | 01488nam 2200301 450 | |
| 001 | 94717 | |
| 005 | 20250820201743.58 | |
| 010 | @a978-7-5115-6836-6@b精装@dCNY95.00 | |
| 100 | @a20210630d2021 em y0chiy50 ea | |
| 101 | 0 | @achi |
| 102 | @aCN@b110000 | |
| 105 | @aa a 000yy | |
| 106 | @ar | |
| 200 | 1 | @a集体林权制度改革对森林生态系统影响研究@Aji ti lin quan zhi du gai ge dui sen lin sheng tai xi tong ying xiang yan jiu@e以福建省三明市为例@f侯一蕾著 |
| 210 | @a北京@c人民日报出版社@d2021.04 | |
| 215 | @a251页@c图@d24cm | |
| 225 | 2 | @a人民日报学术文库@Aren min ri bao xue shu wen ku |
| 300 | @a传播哲学社会科学研究最新成果 汇聚哲学社会科学领域重要著作 | |
| 314 | @a侯一蕾, 北京林业大学经济管理学院讲师。北京林业大学林业经济管理博士。 | |
| 320 | @a有书目 (第230-243页) | |
| 330 | @a集体林在我国林业中有着举足轻重的地位, 2003年以来的新一轮集体林权制度改革, 是一场事关兴林富民、农村发展、生态文明建设的重大改革。本书在当前集体林权制度改革进展到基础制度建设完成、配套改革不断深入的背景下, 以福建省三明市为例, 从制度原理、生态变化、政策效果等方面客观评价了林改对森林资源及生态系统的影响, 构建了生态文明背景下进一步深化集体林区改革的制度框架。 | |
| 410 | 0 | @12001 @a人民日报学术文库 |
| 517 | 1 | @a以福建省三明市为例@Ayi fu jian sheng san ming shi wei li |
| 606 | 0 | @a集体林@Aji ti lin@x产权制度改革@x影响@x森林生态系统@x研究@y三明 |
| 690 | @aS718.55@v5 | |
| 701 | 0 | @a侯一蕾@Ahou yi lei@4著 |
| 801 | 0 | @aCN@c20250909 |
| 905 | @a河南城建学院图书馆@dS718.55@eH435@f1 | |
| 集体林权制度改革对森林生态系统影响研究:以福建省三明市为例/侯一蕾著.-北京:人民日报出版社,2021.04 |
| 251页:图;24cm.-(人民日报学术文库) |
| 传播哲学社会科学研究最新成果 汇聚哲学社会科学领域重要著作 |
| ISBN 978-7-5115-6836-6(精装):CNY95.00 |
| 集体林在我国林业中有着举足轻重的地位, 2003年以来的新一轮集体林权制度改革, 是一场事关兴林富民、农村发展、生态文明建设的重大改革。本书在当前集体林权制度改革进展到基础制度建设完成、配套改革不断深入的背景下, 以福建省三明市为例, 从制度原理、生态变化、政策效果等方面客观评价了林改对森林资源及生态系统的影响, 构建了生态文明背景下进一步深化集体林区改革的制度框架。 |
| ● |
| 相关链接 |
|
|
|
正题名:集体林权制度改革对森林生态系统影响研究
索取号:S718.55/H435
 
预约/预借
| 序号 | 登录号 | 条形码 | 馆藏地/架位号 | 状态 | 备注 |
| 1 | 1628927 | 216289273 | 自科库401/401自科库 68排7列4层/ [索取号:S718.55/H435] | 在馆 |